000
00289nam a2200133Ia 4500
100
_a
Brophy/James
942
_c
BK
654
_a
electronics
245
_a
Basic electronics for Scientists
260
_b
Mc Graw Hill
_c
1990
082
_a
621.381
_b
BRO
300
_a
462
546
_a
ENGLISH
999
_c
26776
_d
26776